000
00231nam a2200085Ia 4500
008
120527s9999 xx 000 0 und d
100
_a
SPENCER, S
245
_a
Learning to use publisher 2000 for desktop publishing awards
942
_c
BK
999
_c
25789
_d
25789